| 000 | 00814nam a2200241 a 4500 | ||
|---|---|---|---|
| 001 | 61472 | ||
| 003 | BD-RjUL | ||
| 005 | 20211209080952.0 | ||
| 008 | 170118s1947 nyu i000 0 eng d | ||
| 035 | _a(BD-RjUL) 61596 | ||
| 035 | _a(OCoLC)2311705 | ||
| 040 |
_aDLC _cNBC _dDLC _dBD-RjUL _beng |
||
| 041 | _aeng | ||
| 082 |
_a956.9 _223 _bUNR 1947 |
||
| 110 | 2 |
_aUnited Nations. _bGeneral Assembly. _bSpecial Committee on Palestine. _9183224 |
|
| 245 | 1 | 0 |
_aReport on Palestine : _breport to thegeneral assembly by the united nations special committee on palestine / |
| 260 |
_aNew York : _bSomerset Books, _c1947 |
||
| 300 |
_axxix, 213 p. : _bill. ; _c19 cm. |
||
| 650 | 0 |
_aMandates _zPalestine. _9183225 |
|
| 651 | 0 |
_aPalestine _xPolitics and government. _9183226 |
|
| 942 |
_2ddc _cBK |
||
| 999 |
_c61472 _d61472 |
||